The urban response to internationalization/ (Record no. 304530)
[ view plain ]
| 000 -LEADER | |
|---|---|
| fixed length control field | 01044nam a2200361 a 4500 |
| 001 - CONTROL NUMBER | |
| control field | vtls000349688 |
| 003 - CONTROL NUMBER IDENTIFIER | |
| control field | NLI |
| 005 - DATE AND TIME OF LATEST TRANSACTION | |
| control field | 20210602164900.0 |
| 008 - FIXED-LENGTH DATA ELEMENTS--GENERAL INFORMATION | |
| fixed length control field | 110113s2005 xxk e 001 0 eng |
| 020 ## - INTERNATIONAL STANDARD BOOK NUMBER | |
| International Standard Book Number | 1843764148 |
| Terms of availability | £55.00 |
| 039 #9 - LEVEL OF BIBLIOGRAPHIC CONTROL AND CODING DETAIL [OBSOLETE] | |
| -- | 201101132003 |
| -- | VLOAD |
| 040 ## - CATALOGING SOURCE | |
| Original cataloging agency | NLI : |
| Language of cataloging | eng |
| Transcribing agency | NLMARC21 |
| 041 0# - LANGUAGE CODE | |
| Language code of text/sound track or separate title | eng |
| 044 ## - COUNTRY OF PUBLISHING/PRODUCING ENTITY CODE | |
| MARC country code | xxk |
| 082 04 - DEWEY DECIMAL CLASSIFICATION NUMBER | |
| Classification number | 307.76 |
| Edition number | 22 |
| 100 1# - MAIN ENTRY--PERSONAL NAME | |
| Personal name | Kresl, Peter Karl |
| 9 (RLIN) | 325935 |
| 245 14 - TITLE STATEMENT | |
| Title | The urban response to internationalization/ |
| Statement of responsibility, etc. | Peter Karl Kresl, Earl H. Fry |
| 260 ## - PUBLICATION, DISTRIBUTION, ETC. | |
| Place of publication, distribution, etc. | Cheltenham,Glos. : |
| Name of publisher, distributor, etc. | Edward Elgar, |
| Date of publication, distribution, etc. | 2005 |
| 300 ## - PHYSICAL DESCRIPTION | |
| Extent | x, 232 p.; |
| Dimensions | 24 cm. |
| 504 ## - BIBLIOGRAPHY, ETC. NOTE | |
| Bibliography, etc. note | Includes bibliographical references and index |
| 650 #0 - SUBJECT ADDED ENTRY--TOPICAL TERM | |
| Topical term or geographic name entry element | Urban economics |
| 9 (RLIN) | 73784 |
| 650 #0 - SUBJECT ADDED ENTRY--TOPICAL TERM | |
| Topical term or geographic name entry element | Urban impact analysis |
| 9 (RLIN) | 512292 |
| 650 #0 - SUBJECT ADDED ENTRY--TOPICAL TERM | |
| Topical term or geographic name entry element | Urban policy |
| 9 (RLIN) | 52407 |
| 700 12 - ADDED ENTRY--PERSONAL NAME | |
| Personal name | Fry, Earl H. |
| Relationship | jt.aut |
| 9 (RLIN) | 512293 |
| 887 ## - NON-MARC INFORMATION FIELD | |
| Content of non-MARC field | mrinal sg |
| 901 ## - LOCAL DATA ELEMENT A, LDA (RLIN) | |
| a | 552226 |
| b | 24.01.06 |
| 902 ## - LOCAL DATA ELEMENT B, LDB (RLIN) | |
| a | E 307.76 K 884 |
| 904 ## - LOCAL DATA ELEMENT D, LDD (RLIN) | |
| a | mrinal |
| 905 ## - LOCAL DATA ELEMENT E, LDE (RLIN) | |
| a | sg |
| 942 ## - ADDED ENTRY ELEMENTS (KOHA) | |
| Source of classification or shelving scheme | Dewey Decimal Classification |
| Koha item type | Books |
| 949 ## - LOCAL PROCESSING INFORMATION (OCLC) | |
| -- | VIRTUAITEM |
| -- | 10012 |
| -- | 100 |
| 6 | 552226 |
| Withdrawn status | Lost status | Damaged status | Not for loan | Collection code | Home library | Current library | Shelving location | Date acquired | Total Checkouts | Full call number | Barcode | Date last seen | Price effective from | Koha item type |
|---|---|---|---|---|---|---|---|---|---|---|---|---|---|---|
| New English | National Library of India | National Library of India | New English - Main Stack Division | E 307.76 K 884 | 552226 | 02/06/2021 | 02/06/2021 | Books |
